000
00246nam a22001097a 4500
082
_a
671.732 LOW'E
100
_a
LOWERNHEIN, F. A
_9
76105
245
_a
ELECTROPLATING
260
_a
NEWYORK
_b
MCGRAW HILL
_c
1978
300
_a
XII, 594P
942
_c
BK
999
_c
581530
_d
581530